000 01379nam a2200349 a 4500
001 ebr10606482
003 CaPaEBR
006 m u
007 cr cn|||||||||
008 120405s2012 gw a sb 001 0 eng d
010 _z 2012013065
020 _z9783110255249 (print : alk. paper)
020 _z9783110255249
020 _z9783110255720 (e-book)
040 _aCaPaEBR
_cCaPaEBR
035 _a(OCoLC)812251485
050 1 4 _aQA322.2
_b.R44 2012eb
082 0 4 _a515/.732
_223
100 1 _aSchuster, Thomas,
_d1971-
245 1 0 _aRegularization methods in Banach spaces
_h[electronic resource] /
_cby Thomas Schuster ... [et al.].
260 _aBerlin ;
_aBoston :
_bDe Gruyter,
_cc2012.
300 _axi, 283 p. :
_bill.
440 0 _aRadon series on computational and applied mathematics,
_x1865-3707 ;
_v10
504 _aIncludes bibliographical references and index.
533 _aElectronic reproduction.
_bPalo Alto, Calif. :
_cebrary,
_d2011.
_nAvailable via World Wide Web.
_nAccess may be limited to ebrary affiliated libraries.
650 0 _aBanach spaces.
650 0 _aParameter estimation.
650 0 _aDifferential equations, Partial.
655 7 _aElectronic books.
_2local
710 2 _aebrary, Inc.
856 4 0 _uhttp://site.ebrary.com/lib/rucke/Doc?id=10606482
_zAn electronic book accessible through the World Wide Web; click to view
999 _c97278
_d97278